| 000 | 01160cab a2200241 4500 | ||
|---|---|---|---|
| 001 | WB3420-31 | ||
| 008 | 090401t1998 xxu||||| |||| 00| 0 eng d | ||
| 035 | _a(Sirsi) u86468 | ||
| 041 | _aeng | ||
| 245 | _aPower to dismiss | ||
| 260 | _c1998 | ||
| 350 | _a0 | ||
| 490 |
_aEstates Gazette Case Summaries _v1998 EGCS 81 (23/5/98) |
||
| 520 | _a"Personal Representatives of WR Rees-Davies (deceased) v Westminster CC" CA 7 May 1998. Executrix of lessee appealed to LT that price of freehold determined by LVT was excessive. Appellant did not lodge expert report for two years. Ordered by tribunal member to lodge report within six weeks. Expert witness had fallen ill. Appellant applied for a further six weeks. Appeal dismissed by tribunal member for want of due diligence. Appeal to CA. Whether discretion to dismiss correctly exercised. Appeal dismissed. | ||
| 650 | _aDUE DILIGENCE | ||
| 650 | _aENFRANCHISEMENT | ||
| 650 |
_aEXPERT WITNESS _96239 |
||
| 650 | _aLANDS TRIBUNAL | ||
| 650 | _aPERSONAL REPRESENTATIVES OF WR REES-DAVIES (DECEASED0 V WESTMINSTER CC | ||
| 690 | _aLANDLORD AND TENANT-CASE LAW | ||
| 942 | _n0 | ||
| 948 | _c29/05/1998 | ||
| 999 |
_c54428 _d54428 |
||